000 00485nam a2200181Ia 4500
005 20250923144413.0
008 008 250917s9999 xx 000 0 eng d
037 _aTextual
040 _aDSWL
_beng
_cDSWL
041 _aeng
_2eng
084 _aT:455, H5
_qDSWL
100 _aJones, Arthur.J
_9824545
245 0 _aPrinciple of guidance
_cby Arthur.J Jones
260 _c1945
300 _a592 p.
942 _cTEXL
_hT:455, H5
999 _c1438431
_d1438431